000 00320nam a22001337a 4500
008 170329b xxu||||| |||| 00| 0 eng d
020 _a2900073079133
041 _aeng
080 _22ND
_a796.3
100 _a8
101 _aSHM
245 _aFUNDAMENTAL CONCEPTS OF FITNESS AND WELLNESS
_cCORBIN, CH.B
942 _2udc
_cBK
999 _c8905
_d8905